Địa chất thủy văn công trình

Cập nhật các kiến thức, phương pháp tính, kỹ thuật nghiên cứu về địa chất thủy văn công trình có các ví dụ tính toán minh họa.

Đã lưu trong:
書目詳細資料
主要作者: Nguyễn, Uyên
格式: 圖書
語言:Undetermined
出版: Hà Nội Xây dựng 2003
主題:
標簽: 添加標簽
沒有標簽, 成為第一個標記此記錄!
Thư viện lưu trữ: Trung tâm Học liệu Trường Đại học Cần Thơ
LEADER 00736nam a2200205Ia 4500
001 CTU_62428
008 210402s9999 xx 000 0 und d
020 |b 32000 
082 |a 551.49 
082 |b U603 
100 |a Nguyễn, Uyên 
245 0 |a Địa chất thủy văn công trình 
245 0 |c Nguyễn Uyên 
260 |a Hà Nội 
260 |b Xây dựng 
260 |c 2003 
520 |a Cập nhật các kiến thức, phương pháp tính, kỹ thuật nghiên cứu về địa chất thủy văn công trình có các ví dụ tính toán minh họa. 
650 |a Hydrogeology,Groundwater 
904 |i Minh 
980 |a Trung tâm Học liệu Trường Đại học Cần Thơ